| 000 | 00584nam a22001815i 4500 | ||
|---|---|---|---|
| 001 | 159599 | ||
| 003 | ES-MaACL | ||
| 005 | 20250821063059.0 | ||
| 008 | 040916s1868 fr |||| | fre d | ||
| 040 |
_aCAM _bspa _cCAM |
||
| 100 | 1 |
_aMichelet, Jules, _d1798-1874 _980919 |
|
| 245 | 1 | 3 |
_aLa montagne / _cJ. Michelet. |
| 250 | _a3e éd. | ||
| 260 |
_aParis : _blibrairie Internationale : _bA. Lacroix, Verboeckhoven & Cie, _c1868 ( _fImp. Simon Raçon et Comp.) |
||
| 300 |
_aIV, 388 p. ; _c18 cm. |
||
| 852 |
_aES-MaACL _jG-10303 _z-- Enc. hol. |
||
| 999 |
_c159599 _d159599 |
||